000 00671cam a2200253 4500
001 B2201
008 090401t1989 xxu||||| |||| 00| 0 eng d
035 _a(Sirsi) u48697
041 _aeng
050 _a332.6324
110 _aClifford Chance
_92015
245 _aPINCS and other single property schemes: new markets for property
260 _aLondon
_bClifford Chance
_c1989
300 _a28p. ; 30cm.
350 _a5
650 _aPROPERTY INCOME CERTIFICATES
650 _aSAPCOS
650 _aSINGLE ASSET PROPERTY COMPANIES
650 _aSINGLE PROPERTY OWNING TRUST
650 _aSPOTS
650 _aUNITISATION
942 _n0
948 _c04/03/1997
999 _c92389
_d92389